ABC jazdy do zahraničia - Poľsko, NDR

Bibliographic Details
Main Author: Chaloupecký, Josef (Author)
Other Authors: Cvečka, Ľubomír (Translator)
Format: Book
Language:Slovak
Czech
PhysicalDescription:131 s. 21 cm
Published: Bratislava Alfa 1989
ISBN:8005001363
Series:Edícia dopravnej literatúry
Subjects:

MARC

LEADER 00000nam a2200000 a 4500
001 vtls001337397
003 SK-MaSNL
005 20260301005932.0
008 251113s1989 xo a slo
020 |a 8005001363 
035 |a SNK000290398 
035 |a urn:nbn:sk:snk-amkhzy 
035 |a urn:nbn:sk:snk-am008gyc 
035 |a 3FF2D1AA-46F5-4CB1-ABD6-147710B3CA80 
040 |a SNK  |b slo  |c SNK  |e AACR2 
041 1 |a slo  |h cze 
044 |a xo  |c SK 
080 |a 908.430.2  |2 1981 
080 |a 908.438  |2 1981 
080 |a 908.437  |2 1981 
245 0 0 |a ABC jazdy do zahraničia - Poľsko, NDR  |c Josef Chaloupecký ... [et al.] ; z českého originálu preložil Ľubomír Cvečka] 
260 |a Bratislava  |b Alfa  |c 1989 
300 |a 131 s.  |c 21 cm 
490 1 |a Edícia dopravnej literatúry 
650 0 7 |a cestovanie  |2 SNKPH  |9 18846 
650 0 7 |a doprava  |2 SNKPH  |9 1777 
651 7 |a Poľsko  |2 SNKPHgeo  |9 16755 
651 7 |a Nemecká demokratická republika  |2 SNKPHgeo  |9 74579 
655 7 |a príručky  |2 SNKPH  |9 74364 
700 1 |a Chaloupecký, Josef  |4 aut  |9 290993 
700 1 |a Cvečka, Ľubomír  |4 trl  |9 274301 
830 0 |a Edícia dopravnej literatúry  |9 277044 
919 |a 80-05-00136-3 
958 |a EUIPO 
958 |a OND 
999 |c 546643  |d 548573 
952 |t P60, <03>, [BOOK], {603}  |a SNK  |b SNK  |y PREZ  |7 0  |p 17A0147444  |o snkSC 96365  |i snkD 1196/98  |0 0  |1 0  |4 0  |d 1998-07-16  |f 1  |l 0  |r 2025-09-16 00:00:00  |w 2026-02-23 
952 |t P60, <04>, [BOOK], {604}  |a SNK  |b SNK  |y VYP  |7 0  |p 17A0147489  |o snkSC 96365 D1  |i snkK 768/99  |0 0  |1 0  |4 0  |d 1999-06-01  |l 0  |r 2005-01-02 00:00:00  |w 2026-02-23 
952 |t P60, <04>, [BOOK], {604}  |a SNK  |b SNK  |y VYP  |7 0  |p 17A0342209  |o snkSC 96365 D2  |i snkKSP 4929/2002  |0 0  |1 0  |4 0  |d 2002-04-29  |l 0  |r 2005-01-02 00:00:00  |w 2026-02-23